রেজিস্ট্রেশন আইনের ভাষ্য : [Commentary on the law of Registration] / (Record no. 44241)
[ view plain ]
| 000 -LEADER | |
|---|---|
| fixed length control field | 01147nam a2200253 a 4500 |
| 001 - CONTROL NUMBER | |
| control field | 44241 |
| 003 - CONTROL NUMBER IDENTIFIER | |
| rucl marc code | BD-RjUL |
| 005 - DATE AND TIME OF LATEST TRANSACTION | |
| control field | 20211209053824.0 |
| 008 - FIXED-LENGTH DATA ELEMENTS--GENERAL INFORMATION | |
| fixed length control field | 160716s2003 bg ||||| |||| 00| 0 ben d |
| 020 ## - INTERNATIONAL STANDARD BOOK NUMBER | |
| Terms of availability | : Tk.250.00 |
| 035 ## - SYSTEM CONTROL NUMBER | |
| System control number | (BD-RjUL)44359 |
| 040 ## - CATALOGING SOURCE | |
| Original cataloging agency | BD-RjUL |
| Language of cataloging | ben |
| Transcribing agency | BD-RjUL |
| Modifying agency | BD-RjUL |
| 041 ## - LANGUAGE CODE | |
| Language code of text/sound track or separate title | ben |
| 082 ## - DEWEY DECIMAL CLASSIFICATION NUMBER | |
| Edition number | 23 |
| Classification number | 346.02095492 |
| Author mark and year | ROR 2003 |
| 100 ## - MAIN ENTRY--PERSONAL NAME | |
| Personal name | রহমান, গাজী শামছুর |
| 9 (RLIN) | 122657 |
| 245 10 - TITLE STATEMENT | |
| Title | রেজিস্ট্রেশন আইনের ভাষ্য : [Commentary on the law of Registration] / |
| Statement of responsibility, etc. | গাজী শামছুর রহমান |
| 260 ## - PUBLICATION, DISTRIBUTION, ETC. (IMPRINT) | |
| Place of publication, distribution, etc. | ঢাকা : |
| Name of publisher, distributor, etc. | কামরুল বুক হাউস, |
| Date of publication, distribution, etc. | ২০০৩. |
| 300 ## - PHYSICAL DESCRIPTION | |
| Pagination | ৪০৪ পৃ. ; |
| Size | ২৩ সেমি. |
| 500 ## - GENERAL NOTE | |
| General note | (১৯০৮ সালের ১৬ নং আইন) (সর্বশেষ সংশোধনী বিশ্লেষন ও সিদ্ধান্তসমূহ) |
| 650 ## - SUBJECT ADDED ENTRY--TOPICAL TERM | |
| Topical term or geographic name as entry element | আইন এবং নিয়মকানুন |
| 9 (RLIN) | 135849 |
| Topical term or geographic name as entry element | Laws and Regulations |
| 9 (RLIN) | 135850 |
| Geographic subdivision | Bangladesh |
| 651 ## - SUBJECT ADDED ENTRY--GEOGRAPHIC NAME | |
| Geographic name | Bangladesh |
| General subdivision | Registration Act, 1908. |
| 9 (RLIN) | 136905 |
| 942 ## - ADDED ENTRY ELEMENTS (KOHA) | |
| Source of classification or shelving scheme | Dewey Decimal Classification |
| Koha item type | Books |
| Lost status | Source of classification or shelving scheme | Damaged status | Not for loan | Collection code | Permanent Location | Current Location | Shelving location | Date acquired | Source of acquisition | Cost, normal purchase price | Total Checkouts | Full call number | Date last seen | Copy number | Koha item type |
|---|---|---|---|---|---|---|---|---|---|---|---|---|---|---|---|
| Dewey Decimal Classification | Non-fiction | Central Library, University of Rajshahi | Central Library, University of Rajshahi | 27/11/2004 | Kamrul book house, Dhaka. | 250.00 | B 346.02095492 ROR 2003 | 16/07/2016 | C-2 | Books | |||||
| Dewey Decimal Classification | Non-fiction | Central Library, University of Rajshahi | Central Library, University of Rajshahi | 27/11/2004 | Kamrul book house, Dhaka. | 250.00 | B 346.02095492 ROR 2003 | 10/08/2016 | C-3 | Books | |||||
| Dewey Decimal Classification | Non-fiction | Central Library, University of Rajshahi | Central Library, University of Rajshahi | 27/11/2004 | Kamrul book house, Dhaka. | 250.00 | B 346.02095492 ROR 2003 | 18/08/2016 | C-4 | Books | |||||
| Dewey Decimal Classification | Not For Loan | Non-fiction | Central Library, University of Rajshahi | Central Library, University of Rajshahi | Reading Room | 27/11/2004 | Kamrul book house.Dhaka. | 250.00 | B 346.02095492 ROR 2003 | 22/12/2016 | C-1 | Books |